000 01115cam a2200193 4500
001 X102275
008 000000n1999 000 0 eng u
035 _a(Sirsi) u102275
245 _aLiability for disrepair
260 _c1999
490 _aEstates Gazette Case Summaries
_v[1999] EGCS 128, 13 November 1999
520 _aRogers v Lambeth London BC. CA 29 October 1999. The defendant council obtained a possession order, but R did not comply with the terms of the order. R claimed damages for breach of repair covenant, so the 2 parties entered into an agreement to cover the rent arrears. The council denied their obligation to repair damages during the period of tolerated occupation of R as a former secure tenant. The claim was heard under s85 of the Housing Act 1985. R awarded damages, to be satisfied by cancellation of the rent arrears. The council appealed. Held, appeal dismissed.
650 _aROGERS V LAMBETH LBC
650 _aHOUSING ACT 1985 S85
650 _aCOVENANT TO REPAIR
650 _aPOSSESSION ORDER
690 _aLANDLORD AND TENANT-CASE LAW-RESIDENTIAL TENANCIES
942 _n0
999 _c61304
_d61304